00865nam a22002657a 45000010005000000030006000050050017000110080041000280200015000690400029000840500015001130820008001281000019001362450086001552500036002412600040002773000043003175050008003605200106003685210020004745210020004946500027005146500026005417000032005677646FISKH20250729142513.0250729b cb ||||| |||| 00| 0 eng d a0689712030 aFISKHbengcFISKHdFISKH aPZ7.V816 T a813 aViorst, Judith aThe tenth good thing about Barney / cJudith Viorst : Illustrated by Erik Blegvad aFirst Aladin Books edition 1975 aNew York : bAladin Books , c1971. a25 pages : billustrations ;c23 cm .  aJ  aIn an attempt to overcome his grief, a boy tries to think of the ten best things about his dead cat. 8 a490 bLexile 8 aJ bRaz-Plus  aBibliotherapyvFiction adeath of petvFiction aBlegvad, ErikeIllustrator